बचपन के दिन / (Record no. 28921)
[ view plain ]
| 000 -LEADER | |
|---|---|
| fixed length control field | 03463nam a22003617a 4500 |
| 005 - DATE AND TIME OF LATEST TRANSACTION | |
| control field | 20090805105541.0 |
| 008 - FIXED-LENGTH DATA ELEMENTS--GENERAL INFORMATION | |
| fixed length control field | 090804t xxu||||| |||| 00| 0 hin d |
| 010 ## - LCCN (DPL NO) | |
| LC control number | HIN-87619 |
| 020 ## - INTERNATIONAL STANDARD BOOK NUMBER | |
| Terms of availability | 250.00 |
| 035 ## - SYSTEM CONTROL NUMBER | |
| System control number | HN-59965 |
| 035 ## - SYSTEM CONTROL NUMBER | |
| System control number | 368331-337 |
| 037 ## - SOURCE OF ACQUISITION | |
| Source of stock number/acquisition | एक्यूमैन पब्लिशर्स/ PUB |
| 040 ## - CATALOGING SOURCE | |
| Original cataloging agency | dpl |
| Language of cataloging | hn |
| 082 ## - DEWEY DECIMAL CLASSIFICATION NUMBER | |
| Classification number | 371.1023 |
| 100 ## - MAIN ENTRY--PERSONAL NAME | |
| Personal name | सुखोम्लीन्स्की, वसीली |
| 9 (RLIN) | 2007 |
| 245 ## - TITLE STATEMENT | |
| Title | बचपन के दिन / |
| Statement of responsibility, etc | वसीली सुखोम्लीन्स्की |
| 246 ## - VARYING FORM OF TITLE | |
| Title proper/short title | Bachpan ke dins |
| Remainder of title | by Vasili Sukhomalinski |
| 260 ## - PUBLICATION, DISTRIBUTION, ETC. (IMPRINT) | |
| Place of publication, distribution, etc | नोएडा (यू.पी.) |
| Name of publisher, distributor, etc | एक्यूमैन पब्लिशर्स |
| Date of publication, distribution, etc | 2008 |
| 270 ## - ADDRESS | |
| Address | जी-10, द्वितीय तल, सैक्टर-22 |
| City | नोएडा (यू.पी.) |
| 300 ## - PHYSICAL DESCRIPTION | |
| Extent | 199पृ. |
| Dimensions | 22सेमी (सजिल्द) |
| 650 ## - SUBJECT ADDED ENTRY--TOPICAL TERM | |
| Topical term or geographic name as entry element | विद्यार्थी-अध्यापक संबंध |
| 9 (RLIN) | 2008 |
| 650 ## - SUBJECT ADDED ENTRY--TOPICAL TERM | |
| Topical term or geographic name as entry element | Student-teacher relation |
| 9 (RLIN) | 2009 |
| 942 ## - ADDED ENTRY ELEMENTS (KOHA) | |
| Source of classification or shelving scheme | Dewey Decimal Classification |
| Item type | Hindi Books |
| Call number suffix | सुखोम्ली |
| Classification part | 371.1023 |
| Withdrawn status | Lost status | Source of classification or shelving scheme | Damaged status | Not for loan | Home library | Current library | Date acquired | Source of acquisition | Cost, normal purchase price | Total Checkouts | Full call number | Barcode | Date last seen | Copy number | Cost, replacement price | Koha item type | Collection code |
|---|---|---|---|---|---|---|---|---|---|---|---|---|---|---|---|---|---|
| Dewey Decimal Classification | Central Library | Central Library | 28/07/2010 | एक्यूमैन पब्लिशर्स/111/15.01.10/151/02.01.10/27.01.10 | 250.00 | 3 | 371.1023 सुखोम्ली | B-368331 | 18/05/2024 | 1 | 250.00 | Hindi Books | Non-fiction | ||||
| Dewey Decimal Classification | Not For Loan | D.B.Act.Division | D.B.Act.Division | 05/08/2009 | DBAD / PUB | 250.00 | 371.1023 सुखोम्ली | HN-59965 | 05/08/2009 | 1 | 250.00 | Hindi Books | |||||
| Dewey Decimal Classification | Karol Bagh | Karol Bagh | 28/07/2010 | एक्यूमैन पब्लिशर्स/111/15.01.10/151/02.01.10/27.01.10 | 250.00 | 371.1023 सुखोम्ली | B-368335 | 28/07/2010 | 1 | 250.00 | Hindi Books | Non-fiction | |||||
| Dewey Decimal Classification | New Rohtak Road | New Rohtak Road | 28/07/2010 | एक्यूमैन पब्लिशर्स/111/15.01.10/151/02.01.10/27.01.10 | 250.00 | 371.1023 सुखोम्ली | B-368336 | 28/07/2010 | 1 | 250.00 | Hindi Books | Non-fiction | |||||
| Dewey Decimal Classification | Sarojini Nagar | Sarojini Nagar | 28/07/2010 | एक्यूमैन पब्लिशर्स/111/15.01.10/151/02.01.10/27.01.10 | 250.00 | 1 | 371.1023 सुखोम्ली | B-368332 | 04/07/2018 | 1 | 250.00 | Hindi Books | Non-fiction | ||||
| Dewey Decimal Classification | Shahdara Branch | Shahdara Branch | 28/07/2010 | एक्यूमैन पब्लिशर्स/111/15.01.10/151/02.01.10/27.01.10 | 250.00 | 371.1023 सुखोम्ली | B-368337 | 28/07/2010 | 1 | 250.00 | Hindi Books | Non-fiction | |||||
| Dewey Decimal Classification | Sriniwas Puri | Sriniwas Puri | 28/07/2010 | एक्यूमैन पब्लिशर्स/111/15.01.10/151/02.01.10/27.01.10 | 250.00 | 371.1023 सुखोम्ली | B-368333 | 28/07/2010 | 1 | 250.00 | Hindi Books | Non-fiction | |||||
| Dewey Decimal Classification | Vinoba Puri | Vinoba Puri | 28/07/2010 | एक्यूमैन पब्लिशर्स/111/15.01.10/151/02.01.10/27.01.10 | 250.00 | 5 | 371.1023 सुखोम्ली | B-368334 | 04/12/2012 | 1 | 250.00 | Hindi Books | Non-fiction |
